Catálogo

Libro técnico : (Registro nro. 42084)

Detalles MARC
000 -LEADER
fixed length control field 01397nam a2200313 i 4500
001 - CONTROL NUMBER
control field 42084
003 - CONTROL NUMBER IDENTIFIER
control field Mx-PuUPA
005 - DATE AND TIME OF LATEST TRANSACTION
control field 20260311101603.0
008 - FIXED-LENGTH DATA ELEMENTS--GENERAL INFORMATION
fixed length control field 140415s2018 mx a gr 001 0 spa d
017 ## - COPYRIGHT OR LEGAL DEPOSIT NUMBER
Copyright or legal deposit number 9786073711142
040 ## - CATALOGING SOURCE
Original cataloging agency Mx-PuUPA
Language of cataloging spa
Transcribing agency Mx-PuUPA
Modifying agency Mx-PuUPA
Description conventions rda
041 0# - LANGUAGE CODE
Language code of text/sound track or separate title spa
245 10 - TITLE STATEMENT
Title Libro técnico :
Remainder of title estado del arte sobre investigación e innovación tecnológica en ganadería bovina tropical /
Statement of responsibility, etc. Everardo González Padilla, José Luis Dávalos Flores, coordinadores, Abraham Villegas de Gante [y otros 89], autores
250 ## - EDITION STATEMENT
Edition statement Segunda edición
264 #1 - PRODUCTION, PUBLICATION, DISTRIBUTION, MANUFACTURE, AND COPYRIGHT NOTICE
Place of production, publication, distribution, manufacture [Ciudad de México?] :
Name of producer, publisher, distributor, manufacturer Red de Investigación e Innovación Tecnológica para la Ganadería Bovina Tropical,
Date of production, publication, distribution, manufacture, or copyright notice 2018
300 ## - PHYSICAL DESCRIPTION
Extent 353 páginas :
Other physical details ilustraciones, mapas, tablas (principalmente a color) ;
Dimensions 28 cm
336 ## - CONTENT TYPE
Fuente rdacontent
Content type term texto
Content type code txt
337 ## - MEDIA TYPE
Source rdamedia
Media type term sin medio
Media type code n
338 ## - CARRIER TYPE
Source rdacarrier
Carrier type term volumen
Carrier type code nc
650 #7 - SUBJECT ADDED ENTRY--TOPICAL TERM
Source of heading or term armarc
Topical term or geographic name entry element Ganado vacuno
General subdivision Investigación
650 #7 - SUBJECT ADDED ENTRY--TOPICAL TERM
Source of heading or term armarc
Topical term or geographic name entry element Ganado vacuno
General subdivision Innovaciones tecnológicas
700 1# - ADDED ENTRY--PERSONAL NAME
Personal name González Padilla, Everardo,
9 (RLIN) 17498
Relator term coordinador
700 1# - ADDED ENTRY--PERSONAL NAME
Personal name Dávalos Flores, José Luis,
Relator term coordinador
700 1# - ADDED ENTRY--PERSONAL NAME
Personal name Villegas de Gante, Abraham,
Relator term autor
942 ## - ADDED ENTRY ELEMENTS (KOHA)
Source of classification or shelving scheme Dewey Decimal Classification
Koha item type Libro
Classification part 636.20072
Item part L64
Existencias
Withdrawn status Lost status Source of classification or shelving scheme Damaged status Not for loan Collection code Home library Current library Shelving location Date acquired Source of acquisition Cost, normal purchase price Total Checkouts Full call number Barcode Date last seen Cost, replacement price Price effective from Koha item type
    Dewey Decimal Classification     General Biblioteca Karol Wojtyla Biblioteca Karol Wojtyla Sala general 03/12/2013 Donación 0.00   636.20072 L64 2018 63390 23/03/2026 0.00 03/12/2013 Libro